| 000 | 00738nam a2200217 i 4500 | ||
|---|---|---|---|
| 001 | 92844 | ||
| 003 | ES-MaACL | ||
| 005 | 20230906181053.0 | ||
| 007 | t| | ||
| 008 | 050329s1986 sp ||||1| spa d | ||
| 020 | _a84-7232-394-3 | ||
| 100 | 1 |
_aLizcano, Francisco. _972622 |
|
| 245 | 1 | 0 |
_aLeopoldo Zea _b: una filosofía de la historia / _cFrancisco Lizcano. |
| 260 |
_aMadrid : _bCultura Hispánica del Instituto de Cooperación Iberoamericana, _c1986. |
||
| 300 |
_a150 p. ; _c21 cm. |
||
| 504 | _aBibliografía: p. 145-148. | ||
| 600 | 1 | 4 |
_aZea, Leopoldo- _xCrítica e interpretación. _9118132 |
| 650 | 4 |
_aHistoria- _xFilosofía. _913380 |
|
| 710 | 2 |
_aInstituto de Cooperación Iberoamericana. _94848 |
|
| 852 |
_aES-MaACL _jL-11830 |
||
| 999 |
_c92844 _d92844 |
||